| 000 | 00856 a2200253 4500 | ||
|---|---|---|---|
| 003 | dpl | ||
| 005 | 20090604115447.0 | ||
| 008 | 090604t xxu||||| |||| 00| 0 eng d | ||
| 010 | _aENG-89985 | ||
| 020 |
_a8175155671 _c269.00 |
||
| 035 | _aEN-73518 | ||
| 037 | _bDBAD / PUB | ||
| 040 | _cdpl | ||
| 082 | _a000 | ||
| 100 | _aKarna, Satish K. | ||
| 245 |
_aBSNL JTO recruitment exam : _cby Satish K. Karna ; compiled by Vibha Karna _bobjective questions with detailed answers / |
||
| 260 |
_aNew Delhi _bGalgotia Publications _c2008 |
||
| 270 |
_a5, Ansari Road, Darya Ganj _bNew Delhi _cDelhi _e110002 |
||
| 300 |
_avi, 572p. _c24 cm. (Pbk) |
||
| 500 | _aIncludes index | ||
| 700 | _aKarna, Vibha | ||
| 942 |
_adpl _cEN _k000 / KAR _2ddc |
||
| 999 |
_c11751 _d11751 |
||